Los valores formativos en las asignaturas de la enseñanza media: su convergencia desde una perspectiva cristiana

Saved in:
Bibliographic Details
Main Authors: Godoy Urzúa, Hernán (autor), Croxatto, Héctor (Author), Claro Valdés, Samuel (Author), Balart, Aurora (Author), Latorre, Guillermo (Author), Ivelic Kusanovic, Milan (Author), Lara Díaz, Horacio (Author), Saavedra, Igor (Author), Cea Egaña, José Luis (Author), Salamé, René (Author), Vrancken, Isabel (Author), Villegas M., Beltrán (Author)
Other Authors: Gandolfo Barón, Rafael (autor), Livacic Gazzano, Ernesto (autor), Montes Brunet, Hugo (autor), Krebs Wilckens, Ricardo (autor), Michelow Veiler, Jaime (autor)
Format: Book
Language:Spanish
Published: Santiago Nueva Universidad 1979
Subjects:
Tags: Add Tag
No Tags, Be the first to tag this record!

MARC

LEADER 00000nam a2200000 a 4500
001 UCY7931
003 CL-VaPUC
008 950623e19790000CL |||||||||||||||||spa|d
082 0 4 |a 373.01  |b GOD  |2 21 
100 |a Godoy Urzúa, Hernán  |e autor  |9 617186 
700 |a Gandolfo Barón, Rafael  |e autor  |9 380823 
700 0 |a Croxatto, Héctor  |e author  |9 338869 
700 0 |a Claro Valdés, Samuel  |e author  |9 338870 
700 |a Livacic Gazzano, Ernesto  |e autor  |9 342702 
700 0 |a Balart, Aurora  |e author  |9 338872 
700 0 |a Latorre, Guillermo  |e author  |9 338873 
700 |a Ivelic Kusanovic, Milan  |e author  |9 567893 
700 |a Montes Brunet, Hugo   |e autor  |9 416030 
700 |a Lara Díaz, Horacio  |e author  |9 373833 
700 |a Krebs Wilckens, Ricardo  |e autor  |9 588021 
700 0 |a Saavedra, Igor  |e author  |9 338878 
700 0 |a Cea Egaña, José Luis  |e author  |9 338879 
700 0 |a Salamé, René  |e author  |9 338880 
700 |a Michelow Veiler, Jaime  |e autor  |9 463847 
700 0 |a Vrancken, Isabel  |e author  |9 338882 
700 0 |a Villegas M., Beltrán  |e author  |9 338883 
245 1 4 |a Los valores formativos en las asignaturas de la enseñanza media: su convergencia desde una perspectiva cristiana 
300 |a 206 p 
942 |c BK 
945 |d 19950623 00:00:00  |a mfernand 
260 |a Santiago  |b Nueva Universidad  |c 1979 
650 0 |a Currículo  |9 307290 
650 0 |a Valores culturales  |9 338166 
650 0 |a Valores morales   |9 310604 
650 0 |a Filosofía   |9 223554 
650 0 |a Biología  |9 262022 
650 0 |a Música  |9 306269 
650 0 |a Lingüística  |9 265068 
650 0 |a Estética   |9 264950 
650 0 |a Artes plásticas  |9 268637 
650 0 |a Educación física  |9 240893 
650 0 |a Español  |9 255372 
650 0 |a Historia  |9 255047 
650 0 |a Física   |9 227844 
650 0 |a Química  |9 259896 
650 0 |a Matemática  |9 260235 
650 0 |a Religión   |9 255164 
583 |a last modification  |c 19950623 00:00:00  |k Rodrigo Vera 
999 |c 235225  |d 235223 
952 |0 0  |1 0  |4 0  |6 373_010000000000000_GOD_1979  |7 0  |8 P  |9 242489  |a BIBEDU  |b BIBEDU  |c BIBEDU_PB  |d 2019-11-18  |i 1568965  |o 373.01 GOD 1979  |p 1568965  |r 2024-01-25  |w 2019-11-18  |y BK  |k EDU